[Event "CAN-ch Highschool"]
[Site "Moncton"]
[Date "1977.??.??"]
[Round "1"]
[White "Cavanagh, Jeff"]
[Black "Johnstone, Glenn"]
[Result "0-1"]
[WhiteElo "1547"]
[BlackElo "1666"]
[PlyCount "58"]
[EventDate "1977.??.??"]
[EventType "tourn"]
[EventRounds "6"]
[EventCountry "CAN"]
[SourceTitle "EXT 2022"]
[Source "ChessBase"]
[SourceDate "2021.10.06"]
[SourceVersion "1"]
[SourceVersionDate "2021.10.06"]
[SourceQuality "1"]

1. Nf3 Nc6 2. g3 d5 3. c4 dxc4 4. Na3 e5 5. Nxc4 e4 6. Nh4 Be7 7. Ng2 Be6 8. b3 Nf6 9. Bb2 Bh3 10. Nf4 Bxf1 11. Kxf1 Qd7 12. Kg2 0-0-0 13. Rc1 h5 14. d4 h4 15. e3 h3+ 16. Kf1 g5 17. Ne2 Qf5 18. Nc3 Nb4 19. Ne5 Nfd5 20. Qe2 Nxc3 21. Bxc3 Nd5 22. Bd2 Qe6 23. Qc4 Bd6 24. Bc3 f6 25. Ng4 Qxg4 26. Qxd5 Bxg3 27. Qxd8+ Kxd8 28. hxg3 h2 29. d5 Qf3 0-1